Privátne značky sa v kríze hlásia o slovo

Počas pandémie vzrástli tržby privátnych značiek oveľa rýchlejšie ako pri značkových výrobkoch. Reťazce rozširujú portfólio a reagujú na zmenenú ekonomickú situáciu svojich zákazníkov. Výhoda vlastnej značky spočíva najmä v receptúre a kvalite. Stručná informácia o novele zákona týkajúcej sa obchodn...

Descrizione completa

Salvato in:
Dettagli Bibliografici
Autore principale: Kapitánová, Tatiana
Natura: Capitolo di libro
Lingua:slovacco
Soggetti:
Tags: Aggiungi Tag
Nessun Tag, puoi essere il primo ad aggiungerne!!

MARC

LEADER 00000naa a2200000 4500
001 0276661
005 20210629105939.3
041 0 |a slo 
044 |a CZ 
245 1 0 |a Privátne značky sa v kríze hlásia o slovo  |c Tatiana Kapitánová 
520 |a Počas pandémie vzrástli tržby privátnych značiek oveľa rýchlejšie ako pri značkových výrobkoch. Reťazce rozširujú portfólio a reagujú na zmenenú ekonomickú situáciu svojich zákazníkov. Výhoda vlastnej značky spočíva najmä v receptúre a kvalite. Stručná informácia o novele zákona týkajúcej sa obchodného mena a loga výrobcu na obale. 
610 2 0 |a reťazce obchodné 
610 2 0 |a značky privátne 
610 2 0 |a kríza 
610 2 0 |a tržby 
610 2 0 |a potraviny 
100 1 |a Kapitánová, Tatiana